Arquetipos e inconsciente colectivo
محفوظ في:
| المؤلف الرئيسي: | |
|---|---|
| التنسيق: | كتاب |
| اللغة: | الإسبانية |
| منشور في: |
Buenos Aires
Paidós
2013
|
| الطبعة: | 2a. ed |
| سلاسل: | Biblioteca de Psicología Profunda, 14
|
| الموضوعات: | |
| الوسوم: |
إضافة وسم
لا توجد وسوم, كن أول من يضع وسما على هذه التسجيلة!
|
MARC
| LEADER | 00000cam a2200000 a 4500 | ||
|---|---|---|---|
| 001 | UCD3442 | ||
| 003 | CL-VaPUC | ||
| 008 | 160603e20130000ag |||||||||||||||||spa|d | ||
| 020 | |a 9789501240115 | ||
| 082 | 0 | 4 | |a 150 |b JUN |2 21 |
| 100 | |a Jung, Carl Gustav |e autor |9 311444 | ||
| 245 | 1 | 0 | |a Arquetipos e inconsciente colectivo |
| 250 | |a 2a. ed | ||
| 300 | |a 224 p | ||
| 942 | |c BK | ||
| 945 | |d 20160603 11:43:00 |a arojas | ||
| 260 | |a Buenos Aires |b Paidós |c 2013 | ||
| 650 | 0 | |a Psicología |9 257863 | |
| 650 | 7 | |a INCONSCIENTE |2 CL-VaPUC |9 334612 | |
| 650 | 7 | |a INCONSCIENTE COLECTIVO |2 CL-VaPUC |9 586916 | |
| 650 | 0 | |a Voluntad |9 307812 | |
| 650 | 0 | |a Conciencia |9 309452 | |
| 650 | 0 | |a Conducta |9 269782 | |
| 583 | |a last modification |c 20160603 11:43:00 |k Rodrigo Vera | ||
| 490 | 0 | |a Biblioteca de Psicología Profunda, 14 | |
| 999 | |c 364478 |d 364476 | ||
| 952 | |0 0 |1 0 |3 erb |4 0 |6 150_000000000000000_JUN_2013 |7 0 |8 A |9 477676 |a BIBART |b BIBART |i 5290864 |l 6 |o 150 JUN 2013 |p 5290864 |q 2025-07-31 |r 2025-03-13 |s 2024-12-19 |w 2019-11-24 |y BK |z Catalogado en:20160603 |k ART | ||